Las Américas en un mundo nuevo (Diálogo Americano)
Tras referirse a las profundas transformaciones socioeconómicas y políticas ocurridas recientemente en el mundo, que afectan a la Américas, se examinan las reformas con orientación de mercado que han de emprender los países latinoamericanos si quieren participar cada vez más y mejor en una economía...
محفوظ في:
| التنسيق: | نص |
|---|---|
| الموضوعات: | |
| الوسوم: |
إضافة وسم
لا توجد وسوم, كن أول من يضع وسما على هذه التسجيلة!
|
MARC
| LEADER | 00000 a a2200000 04500 | ||
|---|---|---|---|
| 001 | 3327 | ||
| 003 | |||
| 040 | |||
| 245 | |a Las Américas en un mundo nuevo (Diálogo Americano) | ||
| 520 | |a Tras referirse a las profundas transformaciones socioeconómicas y políticas ocurridas recientemente en el mundo, que afectan a la Américas, se examinan las reformas con orientación de mercado que han de emprender los países latinoamericanos si quieren participar cada vez más y mejor en una economía internacional que cambia muy dinámicamente También se abordan problemas ambientales, como el calentamiento terráqueo y políticos y sociales, como la crisis de la democracia y el aumento de la pobreza, que se deben enfrentar si dicha participación ha de efectuarse. REV/SCM | ||
| 650 | |a ECONOMIA INTERNACIONAL | ||
| 650 | |a CONDICIONES ECONOMICAS | ||
| 650 | |a CAMBIO ECONOMICO | ||
| 650 | |a LIBERALIZACION ECONOMICA | ||
| 650 | |a DEMOCRACIA | ||
| 650 | |a POLITICA | ||
| 650 | |a ESTABILIDAD POLITICA | ||
| 650 | |a ASPECTOS POLITICOS | ||
| 650 | |a MEDIO AMBIENTE | ||
| 650 | |a DESARROLLO SOSTENIBLE | ||
| 773 | |g volumen 41, número 4; páginas 405-409 | ||
| 999 | |c 24224 |d 24224 | ||
| 773 | 0 | |0 18962 |9 4946 |a Banco Nacional de Comercio Exterior. |d México, D.F Banco Nacional de Comercio Exterior. Departamento de Publicaciones |o MFN: 1652 |t Comercio Exterior : | |
